Weather events (Record no. 80575)

MARC details
000 -LEADER
fixed length control field 00793cab a22001815a 4500
001 - CONTROL NUMBER
control field L144754
008 - FIXED-LENGTH DATA ELEMENTS--GENERAL INFORMATION
fixed length control field 080807e20080618xxko f 000 0 eng d
035 ## - SYSTEM CONTROL NUMBER
System control number (Sirsi) u144754
041 0# - LANGUAGE CODE
Language code of text/sound track or separate title eng
100 1# - MAIN ENTRY--PERSONAL NAME
Personal name Palles-Clark, Rob
245 00 - TITLE STATEMENT
Title Weather events
260 ## - PUBLICATION, DISTRIBUTION, ETC.
Date of publication, distribution, etc. 2008
490 ## - SERIES STATEMENT
Series statement Contract Journal
Volume/sequential designation 443(6680) 18 June 2008, 28-29(2)
520 ## - SUMMARY, ETC.
Summary, etc. Looks at JCT and NEC conditions for adverse weather - under JCT weather must be exceptional and must adversely affect the works. Under NEC, however, a contractor must first establish: if there was an effect due to weather; whether it was sufficiently rare and if it amounts to a compensation event.
651 #4 - SUBJECT ADDED ENTRY--GEOGRAPHIC NAME
Geographic name United Kingdom
Chronological subdivision
690 ## - LOCAL SUBJECT ADDED ENTRY--TOPICAL TERM (OCLC, RLIN)
Topical term or geographic name as entry element BUILT ENVIRONMENT-BUILDING CONTRACT FORMS-STANDARD FORMS OF BUILDING CONTRACT
942 ## - ADDED ENTRY ELEMENTS (KOHA)
Suppress in OPAC 0
Holdings
Withdrawn status Lost status Source of classification or shelving scheme Damaged status Not for loan Home library Current library Shelving location Date acquired Total Checkouts Full call number Barcode Date last seen Copy number Price effective from Koha item type
    Dewey Decimal Classification     London London Journal article 07/08/2008   L144754 144754-1001 06/08/2019 1 06/08/2019 Journal article